| 000 | | | 03778nmc2a22000003x 450 |
| 001 | | | 997bb16f-e6bb-407b-b126-93b82c54be53 |
| 005 | | | 20180119115512.0 |
| 100 | ## | $a | 20151214l18191819k l0rusy0189 ca |
| 101 | 0# | $a | rus |
| 102 | ## | $a | RU |
| 200 | 1# | $a | Дело по письму господина президента Российской академии о помещенной в журнале "Сын отечества" оскорбительной критике на изданную академией "Российскую грамматику" |
| | $j | 30 августа - 31 октября 1819 г. |
| 251 | ## | $c | Дело |
| 300 | ## | $a | Дело |
| 801 | #0 | $a | RU |
| | $b | РГИА |
| | $c | 20151214 |
| | $g | RCR |
| 801 | #1 | $a | RU |
| | $b | ГлавНИВЦ |
| | $c | 20151214 |
| | $2 | rusmarc |
| 801 | #2 | $a | RU |
| | $b | ПБ им. Б.Н. Ельцина |
| | $c | 20180119 |
| | $g | RCR |
| | $2 | rusmarc |
| 850 | ## | $a | РГИА |
| 852 | ## | $a | РГИА |
| | $e | Федеральное казенное учреждение "Российский государственный исторический архив" (РГИА) |
| | $j | 448 |
| 937 | ## | $h | РГИА |
| | $d | 12187119 |
| | $a | ASBIBLIO_SCAN |
| 462 | #0 | $1 | 001a72b6b5a-b506-4d67-873a-f622b4f5e56d |
| | $1 | 2001 |
| | $a | Дела Департамента народного просвещения по цензурной части |
| | $1 | 251 |
| | $c | Опись |
| | $1 | 852 |
| | $j | 118 |
| 461 | #0 | $1 | 001a74412a3-3cc5-4d21-8f0a-dfe2fbd9e72d |
| | $1 | 2001 |
| | $a | Департамент народного просвещения Министерства народного просвещения (1803-1917) |
| | $1 | 251 |
| | $c | Фонд |
| | $1 | 852 |
| | $j | 733 |
| 215 | ## | $a | 17 л. |
| | $d | 36,5х26 см |
| 371 | ## | $a | Документ не является опубликованным и широко распространяемым |
| 105 | ## | $a | y### |
| 122 | 2# | $a | d |
| 035 | ## | $a | 997bb16f-e6bb-407b-b126-93b82c54be53 |
| 856 | ## | $u | http://readingroom.main.prlib.ru/item.aspx?id_node=n112542996&mode=full |